How to encourage potters and pottery / (Record no. 12882)
[ view plain ]
| 000 -LEADER | |
|---|---|
| fixed length control field | 00498cam a2200217ua 4500 |
| 041 ## - LANGUAGE CODE | |
| Language code of text/sound track or separate title | eng |
| 082 ## - DEWEY DECIMAL CLASSIFICATION NUMBER | |
| Classification number | 666.3 |
| Item number | VAR/HO |
| 100 ## - MAIN ENTRY--AUTHOR NAME | |
| Personal name | Varma, J N . |
| 245 ## - TITLE STATEMENT | |
| Title | How to encourage potters and pottery / |
| 300 ## - PHYSICAL DESCRIPTION | |
| Number of Pages | 80 ; . |
| 942 ## - ADDED ENTRY ELEMENTS (KOHA) | |
| Koha item type | Books |
| Withdrawn status | Lost status | Damaged status | Home library | Current library | Date acquired | Full call number | Accession Number | Koha item type | Public note |
|---|---|---|---|---|---|---|---|---|---|
| KAUAET | KAUAET | 07/04/2012 | 666.3 VAR/HO | 8595 | Books | ||||
| KAUAET | KAUAET | 07/04/2012 | 666.3 VAR/HO | 8592 | Books | ||||
| KAUAET | KAUAET | 07/04/2012 | 666.3 VAR/HO | 8594 | Books | ||||
| KAUAET | KAUAET | 07/04/2012 | 666.3 VAR/HO | 8601 | Books | ||||
| KAUAET | KAUAET | 07/04/2012 | 666.3 VAR/HO | 8600 | Books | ||||
| KAUAET | KAUAET | 07/04/2012 | 666.3 VAR/HO | 8597 | Books | ||||
| KAUAET | KAUAET | 07/04/2012 | 666.3 VAR/HO | 8599 | Books | ||||
| KAUAET | KAUAET | 07/04/2012 | 666.3 VAR/HO | 8596 | Books | ||||
| Withdrawn | KAUAET | KAUAET | 09/08/2018 | 666.3 VAR/HO | 8593 | Books | |||
| Withdrawn | KAUAET | Malayalam University | 09/08/2018 | 666.3 VAR/HO | 8598 | Books | Transferred to Malayalam University |
